| 000 | 01367nam a2200361 a 4500 | ||
|---|---|---|---|
| 999 |
_c7564 _d7564 |
||
| 001 | 991048896989706706 | ||
| 003 | OSt | ||
| 005 | 20211220110931.0 | ||
| 008 | 070614s2007 spc|||||| 000 ||cat | ||
| 015 |
_aLL2007 _2bnc |
||
| 017 |
_aDL B. 26144-2007 _bBiblioteca de Catalunya |
||
| 035 | _a(ES-BaCBU).b37546296 | ||
| 040 |
_aES-BaBC _bcat _cCDMR |
||
| 041 | 0 |
_acat _aspa |
|
| 043 |
_ae-sp--- _be-spc-- _2catmarc _ae------ |
||
| 080 | _a327:316.65(4-6:467.1)(079.3) | ||
| 080 | _a316.65:327(4-6:467.1)(079.3) | ||
| 245 | 0 | 0 |
_aJaime Arias : _bPremi "Reconeixement a la trajectòria europeista" : I edició, 2006 / _c[edició a cura de: Esther Molas] |
| 260 |
_a[Barcelona : _bPatronat Català Pro Europa : _bAssociació de Periodistes Europeus de Catalunya], _cDL 2007 |
||
| 300 |
_a33 p. ; _c20 x 20 cm |
||
| 500 | _aInclou reproduccions d'articles de Jaime Arias publicats a diversos diaris | ||
| 546 | _aTextos en català i castellà | ||
| 600 | 1 | 0 |
_aArias, Jaime _xPremis. _2lemac _92964 |
| 610 | 2 | 7 |
_aUnió Europea _zCatalunya. _2lemac |
| 700 | 1 |
_aArias, Jaime _92964 |
|
| 700 |
_aMolas, Esther _94768 |
||
| 710 | 2 | _aPatronat Català Pro Europa. | |
| 710 | 2 | _aAssociació de Periodistes Europeus de Catalunya. | |
| 907 |
_a.b37546296 _b16-02-21 _c12-05-08 _d07-05-08 _em _fa _g- _hcat _ispc _j0 _k1 |
||
| 908 | _aBC | ||
| 940 | _aBC | ||
| 942 |
_2udc _cFULLET |
||